Movies Missing 'G' Words Quiz Stats

 Plays Quiz Updated Apr 22, 2020

     
Support Sporcle.
Go Orange.
Score 0/18 Timer 03:00
12 Plays Today
Hint Answer % Correct
Gump
98.8%
Godfather
97.7%
Gets
97.5%
Gone
97.1%
Green
95.9%
Guardians
94.9%
Goats
94.8%
Groundhog
94.5%
Guy
93.3%
Hint Answer % Correct
Gran
93.2%
Gangs
92.6%
Gold
92.3%
Guess
89.9%
Grit
89.4%
Gates
65.3%
Graffiti
62.8%
Glengarry
58.7%
Garrett
39.6%

From the Vault

19 Ways Not to 'Park'

by timmylemoine1

Language 90s
Go to a mall parking lot during the holidays and you'll realize there are actually about 100 ways not to park.
Remove Ads.
Support Sporcle.
Get the best of Sporcle when you Go Orange. This ad-free experience offers more features, more stats, and more fun while also helping to support Sporcle. Thank you for becoming a member.

Show Comments

Extras

Top Quizzes Today


Score Distribution

Your Account Isn't Verified!

In order to create a playlist on Sporcle, you need to verify the email address you used during registration. Go to your Sporcle Settings to finish the process.

Report this User

Report this user for behavior that violates our Community Guidelines.

Details: